Inovatívne formy financovania podniku diplomová práca

Guardado en:
Detalles Bibliográficos
Autor principal: Belišová, Dominika
Autor Corporativo: Podnikovohospodárska fakulta EU so sídlom v Košiciach. Katedra finančného riadenia podniku
Otros Autores: Weiss, Roland, 1984-
Formato: Libro
Lenguaje:eslovaco
Publicado: Košice 2024
Etiquetas: Agregar Etiqueta
Sin Etiquetas, Sea el primero en etiquetar este registro!

MARC

LEADER 00000nbm a2200000 4500
001 0301413
005 20250227100618.4
041 0 |a slo 
044 |a SK 
245 1 0 |a Inovatívne formy financovania podniku  |b diplomová práca  |c Dominika Belišová ; školiteľ: Roland Weiss 
264 1 |a Košice  |c 2024 
300 |a 68 s. 
100 1 |a Belišová, Dominika 
700 1 |a Weiss, Roland, 1984- 
710 2 |a Podnikovohospodárska fakulta EU so sídlom v Košiciach. Katedra finančného riadenia podniku